| 000 | 00663nam a22001817a 4500 | ||
|---|---|---|---|
| 008 | 170424b xxu||||| |||| 00| 0 eng d | ||
| 020 | _a9715422144 | ||
| 082 |
_21998 _aDFil 899.211 _bL62 |
||
| 100 |
_920137 _aAbad, Gemino H. _eGeneral Editor |
||
| 245 |
_aThe Likhaan anthology of Philippine English literature in English from 1900 to the present/ _cGemino H. Abad, General editor. |
||
| 260 |
_aQuezon City: _bUP Press, _c c1998. |
||
| 300 |
_a587 pages; _c23 cm. |
||
| 500 | _aIncludes bibliographical references. | ||
| 650 | 0 |
_920138 _aLiterature _xCollected works. |
|
| 650 | 0 |
_920139 _aPhilippine literature. |
|
| 365 |
_b975.00 _cPhp. |
||
| 942 |
_2ddc _cDFIL |
||
| 999 |
_c6649 _d6649 |
||